| 000 | 00551cam1a220019300 4500 | ||
|---|---|---|---|
| 001 | tmp15346818 | ||
| 003 | UPRA | ||
| 005 | 20190816093026.0 | ||
| 008 | 950801q19501959fr fre u | ||
| 035 | _a(Sirsi) r124450 | ||
| 035 | _a(UPRA)tmp15346818 | ||
| 040 | _cUPRA | ||
| 100 | 1 |
_cpseud. _6A92568.1 |
|
| 245 | 1 | 0 |
_aVille cruelle / _cpar Eza Boto [pseud.]. |
| 260 |
_a[Paris : _bEditions africaines, _c195-] |
||
| 949 |
_aPQ3989.B3 _wlcc _i-178729 _mMAIN _tBOOK _lON-SHELF |
||
| 949 |
_aPQ3989.B3 _wlcc _i-178730 _mMAIN _tBOOK _lON-SHELF |
||
| 004 | 124450 | ||
| 999 |
_c82269 _d82269 |
||